Sanat - "Pendolino" - Ismo Leikola - Statistics

Yleistilastot
  • Tätä visaa on pelattu 13 kertaa
  • Keskiarvotulos 103 / 224
Vastaustilastot
Vastaus % Oikein
Pendolino
100%
aika
88%
aikataulussa
75%
eikä
75%
euroa
75%
Hilse
75%
ja
75%
kaikki
75%
kaksi
75%
ku
75%
kun
75%
maksaa
75%
molemmat
75%
no
75%
on
75%
Pat
75%
sano
75%
se
75%
Suomessa
75%
vessa
75%
astuu
63%
bisnesluokassa
63%
he
63%
helvetin
63%
Italiassa
63%
jos
63%
junan
63%
junat
63%
kääntyy
63%
kalja
63%
kallista
63%
kompastuu
63%
konduktöörejä
63%
kuin
63%
kuka
63%
lämmitetään
63%
litraa
63%
miestä
63%
mikrossa
63%
mulkku
63%
mut
63%
näitä
63%
olla
63%
pää
63%
päätti
63%
päin
63%
paitsi
63%
parhain
63%
paska
63%
paskimmat
63%
perillä
63%
Pete
63%
prosenttia
63%
puoli
63%
Ravintolavaunussa
63%
sanonta
63%
tehdään
63%
tilata
63%
toimii
63%
vaunuun
63%
vettä
63%
vittu
63%
aina
50%
astuva
50%
bisnesluokasta
50%
epäkunnossa
50%
heiluttaa
50%
hieman
50%
jotta
50%
kahvia
50%
kuljettaja
50%
kumpainenkin
50%
kuppi
50%
kuuluttaa
50%
leimaisinta
50%
matkaliput
50%
moottorissa
50%
mutta
50%
myöhässä
50%
ne
50%
neljä
50%
Nokia
50%
nousi
50%
oikein
50%
ottaa
50%
päivä
50%
pelastuu
50%
ratti
50%
sinisenpuhuvaa
50%
suurta
50%
talvella
50%
toinen
50%
tottuneesti
50%
tuntia
50%
ulos
50%
varaa
50%
vielä
50%
vihdoinkin
50%
vikaa
50%
yli
50%
asemalta
38%
asia
38%
ehtiny
38%
et
38%
hikoaa
38%
ihme
38%
ilmoittaa
38%
innoissansa
38%
joltain
38%
jotain
38%
kädet
38%
kallistaa
38%
katsotaan
38%
kuusi
38%
lippua
38%
lisämaksu
38%
luntakin
38%
Mutkassa
38%
oksettaa
38%
ostaa
38%
ota
38%
perseestä
38%
pieni
38%
pois
38%
puolet
38%
runkata
38%
selailevat
38%
silloin
38%
taisi
38%
taivaalta
38%
tällöin
38%
taloussanomia
38%
tippui
38%
unohtua
38%
viiksi
38%
yksi
38%
ennen
25%
epämukavia
25%
harvassa
25%
istuu
25%
jotka
25%
julkisia
25%
juoppoja
25%
kaikista
25%
kaveria
25%
käytä
25%
kismittää
25%
kuuntelin
25%
liikenneministeriä
25%
monia
25%
muita
25%
mutkissa
25%
neuvot
25%
ois
25%
päälle
25%
riittää
25%
rikkaimmat
25%
silti
25%
tullutta
25%
vakavina
25%
vessoja
25%
yllättävän
25%
antavat
13%
haisee
13%
hakemaan
13%
horjuu
13%
huomenna
13%
huonompi
13%
jättää
13%
kaikkensa
13%
kehtaa
13%
maailma
13%
pahalta
13%
paikka
13%
raitoja
13%
tunnelma
13%
voimalla
13%
autolla
0%
halvemmaksi
0%
hinnalla
0%
kofeiinin
0%
liikemiehet
0%
markkinointi
0%
mennä
0%
Opiskelijakortilla
0%
pääsisi
0%
paikalla
0%
Pc
0%
pistoke
0%
puolella
0%
siltikin
0%
strategioita
0%
stressaantunut
0%
suunnittelee
0%
tulis
0%
Ehtoja vastaavia visoja ei löytynyt
Tulosjakauma
Jokaisen tuloksen saaneiden osuus
Persentiili vastausten määrän mukaan
Tuloshistoriasi
Et ole pelannut tätä visaa